[Event "CZE-chT2B 1920"]
[Site "Czech Republic"]
[Date "2019.12.01"]
[Round "4.4"]
[White "Vondra, Zbynek"]
[Black "Ksana, Vaclav"]
[Result "1/2-1/2"]
[WhiteElo "2138"]
[BlackElo "2091"]
[PlyCount "61"]
[EventDate "2019.10.13"]
[EventType "team-tourn"]
[EventRounds "11"]
[EventCountry "CZE"]
[SourceTitle "EXT 2024"]
[Source "ChessBase"]
[SourceDate "2023.10.10"]
[SourceVersion "1"]
[SourceVersionDate "2023.10.10"]
[SourceQuality "1"]
[WhiteTeam "Kladno"]
[BlackTeam "Litomerice"]
[WhiteTeamCountry "CZE"]
[BlackTeamCountry "CZE"]

1. d4 d5 2. c4 e5 3. cxd5 Qxd5 4. e3 exd4 5. Nc3 Bb4 6. exd4 Nc6 7. Nf3 Bg4 8. Be2 0-0-0 9. 0-0 Qd7 10. a3 Bd6 11. Be3 Nf6 12. Qa4 Qf5 13. Nb5 a6 14. Nxd6+ Rxd6 15. Rac1 Nd5 16. Rc5 Qd7 17. Bxa6 Nb6 18. Qc2 Bxf3 19. gxf3 Rg6+ 20. Kh1 bxa6 21. Bf4 Re8 22. Rc1 Kb7 23. Qd3 Qxd4 24. Qxd4 Nxd4 25. Rxc7+ Ka8 26. Be3 Nxf3 27. R7c6 Ree6 28. R6c3 Nd5 29. Rb3 Rc6 30. Rd1 Nxe3 31. Rd8+ 1/2-1/2

[Event "CZE-chT2B 1920"]
[Site "Czech Republic"]
[Date "2019.11.17"]
[Round "3.3"]
[White "Vondra, Zbynek"]
[Black "Pribyl, Jakub"]
[Result "1-0"]
[WhiteElo "2138"]
[BlackElo "2136"]
[PlyCount "49"]
[EventDate "2019.10.13"]
[EventType "team-tourn"]
[EventRounds "11"]
[EventCountry "CZE"]
[SourceTitle "EXT 2024"]
[Source "ChessBase"]
[SourceDate "2023.10.10"]
[SourceVersion "1"]
[SourceVersionDate "2023.10.10"]
[SourceQuality "1"]
[WhiteTeam "Kladno"]
[BlackTeam "Usti nad Labem"]
[WhiteTeamCountry "CZE"]
[BlackTeamCountry "CZE"]

1. d4 Nf6 2. Bg5 d5 3. Nc3 e6 4. e3 Be7 5. Nf3 Nbd7 6. Be2 b6 7. Bb5 0-0 8. Bc6 Rb8 9. 0-0 Bb7 10. Bxb7 Rxb7 11. Qe2 c6 12. Rfe1 c5 13. Rad1 Qc8 14. e4 cxd4 15. Nxd4 Bb4 16. exd5 Bxc3 17. bxc3 Nxd5 18. Rd3 Nc5 19. Rh3 f6 20. c4 fxg5 21. cxd5 exd5 22. Qe5 Qd8 23. Nc6 Qf6 24. Qxd5+ Kh8 25. Rf3 1-0

[Event "CZE-chT2A 1718"]
[Site "Czech Republic"]
[Date "2018.02.25"]
[Round "9.3"]
[White "Vondra, Zbynek"]
[Black "Simet, Martin"]
[Result "0-1"]
[WhiteElo "2162"]
[BlackElo "2281"]
[PlyCount "62"]
[EventDate "2017.10.15"]
[EventType "team-tourn"]
[EventRounds "11"]
[EventCountry "CZE"]
[SourceTitle "EXT 2022"]
[Source "ChessBase"]
[SourceDate "2021.10.06"]
[SourceVersion "1"]
[SourceVersionDate "2021.10.06"]
[SourceQuality "1"]
[WhiteTeam "Kladno"]
[BlackTeam "Klatovy"]
[WhiteTeamCountry "CZE"]
[BlackTeamCountry "CZE"]

1. d4 Nf6 2. Bg5 Ne4 3. Bf4 c5 4. f3 Nf6 5. d5 d6 6. Nc3 g6 7. Qd2 a6 8. a4 Qa5 9. Ra3 Nh5 10. Bh6 Qb4 11. Bxf8 Rxf8 12. g4 Nf6 13. Rb3 Qa5 14. e3 Nbd7 15. g5 Nh5 16. f4 f6 17. Nf3 Nb6 18. Be2 Rb8 19. 0-0 Bg4 20. Rd1 Bxf3 21. Bxf3 fxg5 22. Bxh5 gxh5 23. Qe2 gxf4 24. Qxh5+ Kd7 25. Qh3+ Kc7 26. Qe6 Rbe8 27. Ne4 Nd7 28. exf4 Qxa4 29. Rdd3 Rxf4 30. Rxb7+ Kxb7 31. Nxd6+ exd6 0-1

[Event "CZE-chT2A 1718"]
[Site "Czech Republic"]
[Date "2017.11.05"]
[Round "2.4"]
[White "Netusil, Miloslav"]
[Black "Vondra, Zbynek"]
[Result "0-1"]
[WhiteElo "2249"]
[BlackElo "2162"]
[PlyCount "152"]
[EventDate "2017.10.15"]
[EventType "team-tourn"]
[EventRounds "11"]
[EventCountry "CZE"]
[SourceTitle "EXT 2022"]
[Source "ChessBase"]
[SourceDate "2021.10.06"]
[SourceVersion "1"]
[SourceVersionDate "2021.10.06"]
[SourceQuality "1"]
[WhiteTeam "Vysehrad II"]
[BlackTeam "Kladno"]
[WhiteTeamCountry "CZE"]
[BlackTeamCountry "CZE"]

1. e4 d6 2. d4 Nf6 3. Nc3 e5 4. Nf3 Nbd7 5. Bc4 Be7 6. 0-0 0-0 7. h3 c6 8. a4 a5 9. Re1 h6 10. Be3 Nh7 11. Qd2 Ng5 12. Nxg5 Bxg5 13. f4 exf4 14. Bxf4 Bxf4 15. Qxf4 Qb6 16. Rad1 Ne5 17. Bb3 Be6 18. Qf2 Bxb3 19. cxb3 Nd7 20. Qf4 Nf6 21. Qxd6 Rad8 22. Qc5 Qxc5 23. dxc5 Nd7 24. Rd6 Nxc5 25. Red1 Rxd6 26. Rxd6 Nxb3 27. Rd7 Nc5 28. Rd4 Re8 29. b4 axb4 30. Rxb4 Rd8 31. Rc4 Ne6 32. Rb4 Rd3 33. Ne2 Rd2 34. Kf1 Nc5 35. Rc4 Nd3 36. Nc1 Nb2 37. Rb4 Nxa4 38. Nb3 Rd1+ 39. Ke2 Nc3+ 40. Ke3 b5 41. Nc5 Rg1 42. Rb3 Na4 43. Nxa4 bxa4 44. Rb8+ Kh7 45. Kf2 Rc1 46. Ra8 Rc2+ 47. Kf1 Rc4 48. Ra6 h5 49. Ke2 Rxe4+ 50. Kd3 Rb4 51. Rxc6 Rb3+ 52. Ke2 Rb2+ 53. Kf3 a3 54. Ra6 a2 55. h4 g6 56. g3 Kg7 57. Kf4 Kf8 58. Ra7 Ke8 59. Ke5 Kd8 60. Kf4 Kc8 61. Ke5 Kb8 62. Ra3 Kc7 63. Kf6 Rf2+ 64. Ke5 Kc6 65. Ke4 Rg2 66. Ra7 Kb6 67. Ra8 Kc6 68. Ra7 f6 69. Ra8 Rxg3 70. Rxa2 Rg4+ 71. Ke3 f5 72. Kf3 Kd5 73. Ra6 Ke5 74. Rb6 f4 75. Ra6 Kf5 76. Rb6 Rxh4 0-1

[Event "CZE-chT2A 1617"]
[Site "Czech Republic"]
[Date "2017.04.02"]
[Round "11.4"]
[White "Muron, Miroslav"]
[Black "Vondra, Zbynek"]
[Result "1-0"]
[WhiteElo "2153"]
[BlackElo "2185"]
[PlyCount "95"]
[EventDate "2016.10.09"]
[EventType "team-tourn"]
[EventRounds "11"]
[EventCountry "CZE"]
[SourceTitle "EXT 2022"]
[Source "ChessBase"]
[SourceDate "2021.10.06"]
[SourceVersion "1"]
[SourceVersionDate "2021.10.06"]
[SourceQuality "1"]
[WhiteTeam "Praha Dukla"]
[BlackTeam "Kladno"]
[WhiteTeamCountry "CZE"]
[BlackTeamCountry "CZE"]

1. e4 d6 2. Nc3 Nf6 3. g3 e5 4. d3 Be7 5. Bg2 0-0 6. Nh3 Nc6 7. 0-0 Nd4 8. f3 d5 9. exd5 Bc5 10. Kh1 Nxd5 11. Nxd5 Bxh3 12. Bxh3 Qxd5 13. Bg2 c6 14. f4 Qe6 15. fxe5 f6 16. c3 Nf5 17. d4 Bb6 18. Re1 fxe5 19. Rxe5 Qg6 20. Bf4 Rae8 21. Qd3 Rxe5 22. Bxe5 Ne7 23. Be4 Qh5 24. Rf1 Rxf1+ 25. Qxf1 Nd5 26. Qf3 Qxf3+ 27. Bxf3 Bd8 28. a3 Bg5 29. c4 Ne3 30. b3 Be7 31. a4 Bf6 32. Bxf6 gxf6 33. Be4 f5 34. Bd3 Kf7 35. Kg1 Kf6 36. Kf2 Ng4+ 37. Kf3 Nxh2+ 38. Kf4 h6 39. Be2 a5 40. d5 cxd5 41. cxd5 h5 42. d6 Ke6 43. d7 Kxd7 44. Kxf5 Kd6 45. Kg5 Kc5 46. Kxh5 Kb4 47. Bc4 Nf3 48. g4 1-0

[Event "CZE-chT2A 1617"]
[Site "Czech Republic"]
[Date "2016.10.30"]
[Round "2.4"]
[White "Vasicek, Martin"]
[Black "Vondra, Zbynek"]
[Result "1-0"]
[WhiteElo "2098"]
[BlackElo "2185"]
[PlyCount "43"]
[EventDate "2016.10.09"]
[EventType "team-tourn"]
[EventRounds "11"]
[EventCountry "CZE"]
[SourceTitle "EXT 2022"]
[Source "ChessBase"]
[SourceDate "2021.10.06"]
[SourceVersion "1"]
[SourceVersionDate "2021.10.06"]
[SourceQuality "1"]
[WhiteTeam "Domazlice"]
[BlackTeam "Kladno"]
[WhiteTeamCountry "CZE"]
[BlackTeamCountry "CZE"]

1. d4 d5 2. Nf3 Nc6 3. Bf4 Bg4 4. e3 e6 5. Be2 Bd6 6. Bg3 Nge7 7. 0-0 Bxg3 8. hxg3 Nf5 9. c4 0-0 10. Nc3 Bxf3 11. Bxf3 dxc4 12. Qa4 Nd6 13. Nb5 Qd7 14. Nxd6 cxd6 15. Qxc4 d5 16. Qa4 Rac8 17. Rac1 Rc7 18. Rc3 Rfc8 19. Rfc1 Qd8 20. Be2 a6 21. a3 Ne7 22. Rxc7 1-0

[Event "CZE-chT2A 1516"]
[Site "Czech Republic"]
[Date "2016.04.03"]
[Round "10.4"]
[White "Vondra, Zbynek"]
[Black "Pilar, Miloslav"]
[Result "1-0"]
[WhiteElo "2183"]
[BlackElo "2187"]
[PlyCount "65"]
[EventDate "2015.10.18"]
[EventType "team-tourn"]
[EventRounds "11"]
[EventCountry "CZE"]
[SourceTitle "EXT 2022"]
[Source "ChessBase"]
[SourceDate "2021.10.06"]
[SourceVersion "1"]
[SourceVersionDate "2021.10.06"]
[SourceQuality "1"]
[WhiteTeam "Kladno"]
[BlackTeam "Vysehrad II"]
[WhiteTeamCountry "CZE"]
[BlackTeamCountry "CZE"]

1. d4 Nf6 2. Bg5 c5 3. d5 Qb6 4. Nc3 Qxb2 5. Bd2 Qb6 6. e4 d6 7. Nf3 a6 8. a4 Nbd7 9. Bc4 g6 10. 0-0 Bg7 11. Qe2 Qc7 12. a5 0-0 13. Na4 Ng4 14. Rab1 Nge5 15. Nxe5 Nxe5 16. Nb6 Rb8 17. Bc3 Bd7 18. f4 Nxc4 19. Bxg7 Kxg7 20. Qxc4 Kg8 21. Rf3 Bb5 22. Qc3 e5 23. fxe5 dxe5 24. Qe3 Qd6 25. c4 Be8 26. Rbf1 f6 27. Qh6 Rd8 28. h4 Qe7 29. h5 gxh5 30. Rxf6 Rxf6 31. Rxf6 Bg6 32. Qg5 Rd6 33. Rxg6+ 1-0

[Event "CZE-chT2A 1516"]
[Site "Czech Republic"]
[Date "2016.01.10"]
[Round "5.5"]
[White "Simunek, Ales"]
[Black "Vondra, Zbynek"]
[Result "0-1"]
[WhiteElo "2153"]
[BlackElo "2183"]
[PlyCount "98"]
[EventDate "2015.10.18"]
[EventType "team-tourn"]
[EventRounds "11"]
[EventCountry "CZE"]
[SourceTitle "EXT 2022"]
[Source "ChessBase"]
[SourceDate "2021.10.06"]
[SourceVersion "1"]
[SourceVersionDate "2021.10.06"]
[SourceQuality "1"]
[WhiteTeam "Line"]
[BlackTeam "Kladno"]
[WhiteTeamCountry "CZE"]
[BlackTeamCountry "CZE"]

1. d4 d5 2. Nf3 Nc6 3. c4 Bg4 4. cxd5 Bxf3 5. gxf3 Qxd5 6. e3 e5 7. Nc3 Bb4 8. Bd2 Bxc3 9. bxc3 Nge7 10. c4 Qd6 11. d5 Nb8 12. Rb1 b6 13. Bb4 c5 14. Bc3 Nd7 15. Bd3 Qh6 16. 0-0 0-0 17. Kh1 Qh4 18. Qe2 f5 19. Rg1 Ng6 20. Bc2 Qh5 21. Rg3 Nf6 22. Rbg1 Ne4 23. Bxe4 fxe4 24. Qb2 Rxf3 25. Rg5 Qh4 26. R1g2 Raf8 27. R5g4 Rxf2 28. Rxh4 Rxb2 29. Rxg6 Rc2 30. Rg1 Rxc3 31. Rxe4 Rf5 32. Rd1 Kf7 33. a4 Ke7 34. a5 bxa5 35. Rg4 g6 36. Ra1 Rf2 37. Rg2 Rxg2 38. Kxg2 Rxc4 39. Rxa5 Kd6 40. Rxa7 Rh4 41. Kg3 g5 42. e4 Rxe4 43. Rxh7 Kxd5 44. Rg7 c4 45. Rxg5 c3 46. Rg8 c2 47. Rd8+ Kc5 48. Kf3 Rd4 49. Rc8+ Kd6 0-1

[Event "CZE-chT2A 1516"]
[Site "Czech Republic"]
[Date "2015.12.06"]
[Round "4.5"]
[White "Tichy, Stepan"]
[Black "Vondra, Zbynek"]
[Result "1/2-1/2"]
[WhiteElo "2152"]
[BlackElo "2183"]
[PlyCount "105"]
[EventDate "2015.10.18"]
[EventType "team-tourn"]
[EventRounds "11"]
[EventCountry "CZE"]
[SourceTitle "EXT 2022"]
[Source "ChessBase"]
[SourceDate "2021.10.06"]
[SourceVersion "1"]
[SourceVersionDate "2021.10.06"]
[SourceQuality "1"]
[WhiteTeam "Karlovy Vary Tietz"]
[BlackTeam "Kladno"]
[WhiteTeamCountry "CZE"]
[BlackTeamCountry "CZE"]

1. d4 e6 2. c4 Nf6 3. Nc3 d5 4. cxd5 exd5 5. Bg5 c6 6. e3 Bf5 7. Qf3 Bg6 8. Bxf6 Qxf6 9. Qxf6 gxf6 10. Rc1 Nd7 11. Nge2 Bd6 12. g3 f5 13. Nf4 h5 14. h4 Nf6 15. f3 Kd7 16. Kf2 Rae8 17. Bd3 Re7 18. Rhe1 Rhe8 19. Re2 Bxf4 20. gxf4 Rc8 21. Rec2 Rce8 22. Nd1 Kd6 23. b4 Rc7 24. b5 Rec8 25. Nc3 Ke6 26. Na4 Nd7 27. bxc6 Rxc6 28. Rxc6+ Rxc6 29. Rxc6+ bxc6 30. Nc5+ Kd6 31. Nxd7 Kxd7 32. Ke2 Kc7 33. Kd2 Kb6 34. Kc3 f6 35. Bc2 Bh7 36. Kb4 Bg6 37. Bd1 Bh7 38. a3 Bg6 39. Be2 Bf7 40. Bd1 Bg6 41. Ba4 Be8 42. Kc3 Bg6 43. Kd2 Kc7 44. Bb3 Bh7 45. Bd1 Bg6 46. Kd3 Kb6 47. Ba4 Kc7 48. Kc3 Kb6 49. Bd1 Bf7 50. Kb4 Bg6 51. Be2 Bf7 52. Bf1 Bg6 53. Bd3 1/2-1/2

[Event "CZE-chT2A 1415"]
[Site "Czech Republic"]
[Date "2014.11.02"]
[Round "1.5"]
[White "Novak, Michal"]
[Black "Vondra, Zbynek"]
[Result "1-0"]
[WhiteElo "2143"]
[BlackElo "2165"]
[PlyCount "86"]
[EventDate "2014.11.02"]
[EventType "team-tourn"]
[EventRounds "11"]
[EventCountry "CZE"]
[SourceTitle "EXT 2022"]
[Source "ChessBase"]
[SourceDate "2021.10.06"]
[SourceVersion "1"]
[SourceVersionDate "2021.10.06"]
[SourceQuality "1"]
[WhiteTeam "Line"]
[BlackTeam "Kladno"]
[WhiteTeamCountry "CZE"]
[BlackTeamCountry "CZE"]

1. d4 d5 2. Nf3 Nc6 3. Bf4 Bg4 4. e3 e6 5. Be2 Bd6 6. Bxd6 Qxd6 7. c3 Nf6 8. Nbd2 0-0 9. h3 Bxf3 10. Nxf3 e5 11. dxe5 Nxe5 12. Nxe5 Qxe5 13. Qd4 Rfe8 14. 0-0 a6 15. Bf3 c6 16. Rfd1 Nd7 17. c4 Qxd4 18. Rxd4 Ne5 19. cxd5 c5 20. Rd2 Rad8 21. Rc1 c4 22. Be2 b5 23. b3 cxb3 24. axb3 f6 25. f4 Nf7 26. Kf2 Nd6 27. Bf3 Re4 28. Ra1 Rb4 29. Rd3 Ra8 30. Rc3 a5 31. Rc6 Rd8 32. Rxa5 Rxb3 33. Ra7 Rb2+ 34. Kg1 Nf5 35. e4 Rb1+ 36. Kh2 Ne3 37. Kg3 g5 38. Rxf6 Rb2 39. fxg5 b4 40. g6 Nf1+ 41. Kf4 hxg6 42. Rxg6+ Kh8 43. Kg5 Rg8 1-0

[Event "CZE-chT2A 1314"]
[Site "Czech Republic"]
[Date "2014.02.02"]
[Round "7.3"]
[White "Vondra, Zbynek"]
[Black "Miesbauer, Jan"]
[Result "1-0"]
[WhiteElo "2138"]
[BlackElo "1983"]
[PlyCount "49"]
[EventDate "2013.11.03"]
[EventType "team-tourn"]
[EventRounds "11"]
[EventCountry "CZE"]
[SourceTitle "EXT 2015"]
[Source "ChessBase"]
[SourceDate "2014.11.20"]
[SourceVersion "1"]
[SourceVersionDate "2014.11.20"]
[SourceQuality "1"]
[WhiteTeam "Kladno"]
[BlackTeam "Pisek"]
[WhiteTeamCountry "CZE"]
[BlackTeamCountry "CZE"]

1. d4 Nf6 2. Bg5 c5 3. Bxf6 gxf6 4. d5 d6 5. e3 Na6 6. Bb5+ Bd7 7. a4 Rg8 8. g3 Qa5+ 9. Nc3 f5 10. Bxd7+ Kxd7 11. Qh5 Nb4 12. Qxf5+ Kc7 13. Nf3 Rg6 14. Nb5+ Kd8 15. 0-0 a6 16. Nxd6 Rxd6 17. Ne5 Rxd5 18. Rfd1 Qc7 19. c4 e6 20. Qg5+ Qe7 21. cxd5 f6 22. d6 fxg5 23. dxe7+ Kxe7 24. Rd7+ Kf6 25. f4 1-0

[Event "CZE-chT2A 1314"]
[Site "Czech Republic"]
[Date "2013.11.17"]
[Round "2.2"]
[White "Vondra, Zbynek"]
[Black "Folk, Petr"]
[Result "0-1"]
[WhiteElo "2138"]
[BlackElo "2229"]
[PlyCount "82"]
[EventDate "2013.11.03"]
[EventType "team-tourn"]
[EventRounds "11"]
[EventCountry "CZE"]
[SourceTitle "EXT 2015"]
[Source "ChessBase"]
[SourceDate "2014.11.20"]
[SourceVersion "1"]
[SourceVersionDate "2014.11.20"]
[SourceQuality "1"]
[WhiteTeam "Kladno"]
[BlackTeam "Kozolupy"]
[WhiteTeamCountry "CZE"]
[BlackTeamCountry "CZE"]

1. e4 c5 2. Nf3 e6 3. d4 cxd4 4. Nxd4 Nc6 5. Nc3 Qc7 6. Ndb5 Qb8 7. Be3 a6 8. Bb6 axb5 9. Nxb5 Bb4+ 10. c3 Ba5 11. Nc7+ Qxc7 12. Bxc7 Bxc7 13. Qg4 g6 14. Bb5 Nge7 15. 0-0 0-0 16. a4 f5 17. exf5 Rxf5 18. b4 Nd5 19. Qc4 Ne5 20. Qb3 b6 21. Be2 Nf4 22. Qc2 Bb7 23. f3 Bd5 24. Rf2 Nc4 25. Rd1 Ne3 26. Qd2 Nxd1 27. Bxd1 Rf7 28. Bc2 Bc6 29. b5 Bd5 30. Rf1 Bc4 31. Re1 d5 32. g3 Raf8 33. gxf4 Rxf4 34. Rxe6 Rxf3 35. Rc6 Bf4 36. Qd1 Rf1+ 37. Qxf1 Be3+ 38. Kg2 Bxf1+ 39. Kg3 Bf2+ 40. Kg4 Be2+ 41. Kh3 Bf3 0-1

[Event "CZE-chT2A 1213"]
[Site "Czech Republic"]
[Date "2013.03.03"]
[Round "10.4"]
[White "Vondra, Zbynek"]
[Black "Folkova, Martina"]
[Result "0-1"]
[WhiteElo "2165"]
[BlackElo "2167"]
[PlyCount "60"]
[EventDate "2012.10.14"]
[EventType "team-tourn"]
[EventRounds "11"]
[EventCountry "CZE"]
[SourceTitle "EXT 2015"]
[Source "ChessBase"]
[SourceDate "2014.11.20"]
[SourceVersion "1"]
[SourceVersionDate "2014.11.20"]
[SourceQuality "1"]
[WhiteTeam "Kladno"]
[BlackTeam "Plzen Sokol"]
[WhiteTeamCountry "CZE"]
[BlackTeamCountry "CZE"]

1. e4 e5 2. Nf3 Nc6 3. Bc4 Bc5 4. 0-0 d6 5. c3 a6 6. d4 exd4 7. cxd4 Ba7 8. Qb3 Qd7 9. Qc3 Nf6 10. d5 Ne7 11. e5 Nfxd5 12. Qb3 c6 13. Nc3 0-0 14. Bxd5 Nxd5 15. Nxd5 cxd5 16. Bf4 dxe5 17. Bxe5 Qb5 18. Qc3 f6 19. Bd6 Re8 20. Rac1 Bg4 21. Nd4 Qd7 22. Ba3 Rac8 23. Qd3 Qa4 24. h3 Qxd4 25. Qxd4 Bxd4 26. hxg4 Rxc1 27. Rxc1 Re2 28. Rc8+ Kf7 29. Rc7+ Kg6 30. Bf8 Re1+ 0-1

[Event "CZE-chT2A 1213"]
[Site "Czech Republic"]
[Date "2013.02.03"]
[Round "8.4"]
[White "Vondra, Zbynek"]
[Black "Tichy, Stepan"]
[Result "1-0"]
[WhiteElo "2165"]
[BlackElo "2147"]
[PlyCount "53"]
[EventDate "2012.10.14"]
[EventType "team-tourn"]
[EventRounds "11"]
[EventCountry "CZE"]
[SourceTitle "EXT 2015"]
[Source "ChessBase"]
[SourceDate "2014.11.20"]
[SourceVersion "1"]
[SourceVersionDate "2014.11.20"]
[SourceQuality "1"]
[WhiteTeam "Kladno"]
[BlackTeam "Karlovy Vary"]
[WhiteTeamCountry "CZE"]
[BlackTeamCountry "CZE"]

1. e4 e6 2. d4 d5 3. Nc3 Bb4 4. Bd3 dxe4 5. Bxe4 Nf6 6. Bf3 c5 7. Nge2 Nc6 8. Be3 cxd4 9. Nxd4 Nd5 10. Nxc6 bxc6 11. 0-0 0-0 12. Bd4 Ba6 13. Bxd5 Bxc3 14. Bxc3 cxd5 15. Qg4 g6 16. Rfe1 Bc8 17. Rad1 f6 18. Qf4 Rf7 19. Rd3 Qc7 20. Qh4 Bd7 21. Rf3 Raf8 22. Bxf6 Qxc2 23. Qg5 e5 24. Bxe5 Rxf3 25. gxf3 Rxf3 26. Bd4 Qc6 27. Qe5 1-0

[Event "CZE-chT2A 1213"]
[Site "Czech Republic"]
[Date "2013.01.06"]
[Round "6.4"]
[White "Vondra, Zbynek"]
[Black "Cesal, Jaroslav"]
[Result "0-1"]
[WhiteElo "2165"]
[BlackElo "2199"]
[PlyCount "125"]
[EventDate "2012.10.14"]
[EventType "team-tourn"]
[EventRounds "11"]
[EventCountry "CZE"]
[SourceTitle "EXT 2015"]
[Source "ChessBase"]
[SourceDate "2014.11.20"]
[SourceVersion "1"]
[SourceVersionDate "2014.11.20"]
[SourceQuality "1"]
[WhiteTeam "Kladno"]
[BlackTeam "Kozolupy"]
[WhiteTeamCountry "CZE"]
[BlackTeamCountry "CZE"]

1. d4 d5 2. c4 c6 3. Nf3 Nf6 4. Nc3 e6 5. Bg5 h6 6. Bxf6 Qxf6 7. Qc2 Nd7 8. e4 dxe4 9. Qxe4 Qd8 10. Bd3 Nf6 11. Qe2 Qc7 12. 0-0 Be7 13. Rad1 0-0 14. Rfe1 Re8 15. Ne4 Nxe4 16. Qxe4 f5 17. Qe5 Bd6 18. Qe3 Bd7 19. c5 Bf4 20. Qe2 b6 21. g3 Bg5 22. Qe5 Qxe5 23. Nxe5 Rad8 24. Bc4 Kf8 25. b4 Bf6 26. a4 Ke7 27. Nxd7 Kxd7 28. b5 Kc7 29. bxc6 Bxd4 30. cxb6+ axb6 31. Bxe6 Rxe6 32. Rxe6 Bxf2+ 33. Kxf2 Rxd1 34. Rg6 Ra1 35. Rxg7+ Kxc6 36. Rg6+ Kc5 37. Rxh6 Rxa4 38. Rh5 b5 39. Rxf5+ Kc4 40. h4 b4 41. Ke3 Ra3+ 42. Kf4 b3 43. Rf8 Ra5 44. Rc8+ Rc5 45. Re8 b2 46. Re1 Kb3 47. Rb1 Ka2 48. Rxb2+ Kxb2 49. g4 Kc3 50. h5 Kd4 51. h6 Rc1 52. Kf5 Rf1+ 53. Ke6 Re1+ 54. Kf5 Rf1+ 55. Ke6 Re1+ 56. Kf5 Rf1+ 57. Kg6 Ke5 58. g5 Kf4 59. Kf6 Kg4+ 60. Kg7 Ra1 61. g6 Kg5 62. h7 Ra7+ 63. Kf8 0-1

[Event "CZE-chT2B 1112"]
[Site "Czech Republic"]
[Date "2012.04.22"]
[Round "11.1"]
[White "Vondra, Zbynek"]
[Black "Hrbolka, Ladislav Jr"]
[Result "1/2-1/2"]
[WhiteElo "2208"]
[BlackElo "2159"]
[PlyCount "72"]
[EventDate "2011.10.09"]
[EventType "team-tourn"]
[EventRounds "11"]
[EventCountry "CZE"]
[SourceTitle "EXT 2013"]
[Source "ChessBase"]
[SourceDate "2012.11.22"]
[SourceVersion "1"]
[SourceVersionDate "2012.11.22"]
[SourceQuality "1"]
[WhiteTeam "Kladno"]
[BlackTeam "Most Chess"]
[WhiteTeamCountry "CZE"]
[BlackTeamCountry "CZE"]

1. d4 Nf6 2. Bg5 d5 3. Bxf6 exf6 4. e3 Be6 5. Ne2 c5 6. dxc5 Bxc5 7. Nd2 Nc6 8. Nb3 Bb6 9. Ned4 0-0 10. Be2 Ne5 11. 0-0 Nc4 12. Rb1 f5 13. Nd2 Nd6 14. N2f3 Qf6 15. Bd3 f4 16. exf4 Qxf4 17. Qc1 Qf6 18. c3 Ne4 19. Qc2 Rae8 20. Rbe1 Bf5 21. Nxf5 Qxf5 22. c4 Qf4 23. cxd5 f5 24. d6 Nxd6 25. Qb3+ Kh8 26. Rxe8 Rxe8 27. Qd5 Ne4 28. Qf7 Rd8 29. Bxe4 Qxe4 30. Re1 Qc6 31. Qxf5 Qf6 32. Qd7 Qf8 33. Qxb7 Rd2 34. Rf1 Rxb2 35. Qd5 h6 36. g3 Qc5 1/2-1/2